| 000 | 00745cam a2200193 i 4500 | ||
|---|---|---|---|
| 005 | 20260118122217.0 | ||
| 008 | 250721s2007 jo gr 000 0 ara d | ||
| 020 | _a978995702291 | ||
| 082 | 1 | 4 |
_a324.29565 _bح د ا |
| 100 | 1 |
_aحداد، مهنا يوسف _eمؤلف. |
|
| 245 | 1 | 2 |
_aالأحزاب والحضارة السياسية بين المثال والاتجاهات الواقعية في الأردن / _cأ.د. مهنا يوسف حداد. |
| 250 | _aالطبعة الأولى. | ||
| 264 | 3 | 1 |
_aعمان : _bدار مجدلاوي للنشر و التوزيع، _c2007. |
| 300 | _a300 صفحة. | ||
| 650 | 1 | 7 | _aالأحزاب السياسية. |
| 650 | 1 | 7 | _aالأردن. |
| 942 |
_2ddc _cBK |
||
| 999 |
_c110012 _d110012 |
||